000 00659nam a2200229Ia 4500
003 OSt
005 20220918192505.0
006 a|||||r|||| 00| 0
007 ta
008 220917b |||||||| |||| 00| 0 eng d
024 _a68,680
037 _cTextual
040 _aARTS
_cARTS
_beng
041 _2eng
_aeng
082 _aR3, 122K1
100 _aLevinas Emmanuel
_917776
245 0 _aTotalite et infini
_b essai sur l'exteriorite
260 _c1961
490 _aPhaenomenologica : collection publieee sous le patronage des centres d'Archives-Husserl; 8
942 _hR3, 122K1
_cTEXL
_2CC
999 _c194851
_d194851